| 000 | 00435cam a2200169ua 4500 | ||
|---|---|---|---|
| 020 |
_a9788173714078 _cRs.160/- |
||
| 041 |
_aeng _h |
||
| 082 |
_a621.4022 _bRAO/SO |
||
| 100 | _aYVC, Rao . | ||
| 245 |
_aheat transfer / _cYVC Rao. _hTextual Documents |
||
| 260 |
_aHyderabad : _bUniversities press India Pvt Ltd , _c2002. |
||
| 300 | _a177 ; . | ||
| 365 | _aRs.160/- | ||
| 504 | _a | ||
| 942 | _cBK | ||
| 999 |
_c12368 _d12368 |
||